| 000 | 00713cam a2200265 i 4500 | ||
|---|---|---|---|
| 001 | 108151 | ||
| 005 | 20230410101717.0 | ||
| 008 | 790702s1978 quc 000 0 fre | ||
| 035 | _9(DLC) 79355513 | ||
| 035 | _a4181701 | ||
| 010 | _a 79355513 | ||
| 020 | _a0885790146 | ||
| 040 |
_aDLC _cDLC _dDLC |
||
| 050 | 1 | 4 |
_a110 PQ 3919.2 _bL167d 1978 |
| 082 | 0 | 0 | _a843 |
| 100 | 1 |
_aLaforest, Jean-Richard, _d1940- |
|
| 245 | 1 | 3 |
_aLe divan des alternances / _cJean-Richard Laforest. |
| 260 |
_aMontréal : _bNouvelle Optique, _c1978 |
||
| 300 |
_a89 p. ; _c21 cm. |
||
| 440 | 0 | _aPoésie / Nouvelle Optique | |
| 650 | 4 | _aCEH | |
| 650 | 4 | _aColección Estudios Haitianos. | |
| 942 |
_2lcc _cbk |
||
| 946 | _aPP | ||
| 999 |
_c12555 _d12555 |
||